Statistics for Top world's chestnut producers by country

Click here to take the quiz!

General Stats

  • This quiz has been taken 181 times
  • The average score is 7 of 10

Answer Stats

HintAnswer% Correct
1,700,000China
94%
57,493Italy
86%
10,000Spain
81%
60,270Turkey
78%
18,300Portugal
74%
21,500Greece
72%
19,100Japan
67%
55,780South Korea
62%
11,000North Korea
35%
53,577Bolivia
18%

Score Distribution

Percentile by Number Answered

Percent of People with Each Score

Your Score History

You have not taken this quiz